000 00579nam a22001697a 4500
020 _qHard Cover.
082 _a200
100 _aMemon, Rashida Ali
245 _aNETWORK TOMOGRAPHY USING GENETIC ALGORITHMS /
_c Rashida Ali, Memon.
260 _aKarachi :
_bPNEC - NUST,
_c2013.
300 _avii, 65 p. : ill. ;
_c30cm.
650 _aMS-Electrical Engineering
_923567
700 _aSupervisor: Dr. Sameer Hashmat Qazi.
_9124413
856 _u http://10.250.8.41:8080/xmlui/handle/123456789/22246
942 _2ddc
_cSC
999 _c535446
_d535446